00955nam a22002417a 45000010005000000030006000050050017000110080041000280200018000690400029000870500014001160820010001301000026001402450066001662600044002323000057002764900022003335050008003555200276003635210021006395210020006606500033006804960FISKH20241028152436.0241028b cb ||||| |||| 00| 0 eng d a9780531259818 aFISKHbengcFISKHdFISKH aF1435.S67 a972.6 aSomervill, Barbara A. aAncient Maya :bThe Ancient World / cby Barbara A. Somervill aNew York : bChildren's Press ;c2013.  a112 pages : bcolor illustrations , maps ;c24 cm .  aThe Ancient World aZ  aTake a journey back in time to witness the development of history's greatest civilizations! Engaging text and eye-catching images teach you about history, culture, and daily life of each civilization and show you how each civilization continues to affect our world today!8 a1040 bLexile 8 aZ bRaz-Plus  aMayas vJuvenile Literature